Removing college price barriers (Record no. 60481)
[ view plain ]
| 000 -LEADER | |
|---|---|
| fixed length control field | 01465nam a2200349 a 4500 |
| 082 04 - DEWEY DECIMAL CLASSIFICATION NUMBER | |
| Classification number | 378/.02 |
| 100 1# - MAIN ENTRY--AUTHOR NAME | |
| Personal name | Mumper, Michael, |
| 245 10 - TITLE STATEMENT | |
| Title | Removing college price barriers |
| 260 ## - PUBLICATION, DISTRIBUTION, ETC. (IMPRINT) | |
| Place of publication | Albany : |
| Name of publisher | State University of New York Press, |
| Year of publication | c1996. |
| 300 ## - PHYSICAL DESCRIPTION | |
| Number of Pages | xxi, 304 p. |
| 490 1# - SERIES STATEMENT | |
| Series statement | SUNY series, social context of education |
| 650 #0 - SUBJECT ADDED ENTRY--TOPICAL TERM | |
| Topical Term | Universities and colleges |
| Topical Term | Federal aid to higher education |
| Topical Term | Government aid to higher education |
| 856 40 - ELECTRONIC LOCATION AND ACCESS | |
| Uniform Resource Identifier | http://site.ebrary.com/lib/rucke/Doc?id=10040220 |
No items available.
